• 首页
  • 本馆介绍
  • 公告通知
  • 最新文献
  • 馆藏检索
  • 电子资源
  • 读者导购
  • 参考咨询
  • 我的图书馆
  • 登录
  • 详细信息显示
  • 放入我的书架
  • 预约/预借图书
  • 作者相关作品
  • 分类相关作品
  • 丛书相关作品
  • 出版社相关作品

书目信息

  • 表格格式
  • 工作单格式
  • 卡片格式
题名:
基本国情与基本路线教育学习参考资料
    
 
作者: ;中共山东省委 编
分册:  
出版信息: 济南   山东人民出版社  1990.5
页数: 333页
开本: 19厘米
丛书名:
单 册:
中图分类: D647
科图分类:
主题词: 爱国主义教育--学习参考资料
电子资源:
ISBN: 978-7-209-00689-7
000 00813nam 2200217 450
001 0100307229
005 20020928000000.0
010    @a978-7-209-00689-7@dCNY3.60
100    @a19901206d1990 m y0chiy0110 ea
101 0  @achi
102    @aCN@b370000
105    @ay z 000yy
106    @ar
200 1  @a基本国情与基本路线教育学习参考资料@9Ji Ben Guo Qing Yu Ji Ben Lu Xian Jiao Yu;Yo Xue Xi Can;Cen;Shen Kao Zi Liao @f中共山东省委宣传部企业思想政治工作处编写@b专著
210    @a济南@c山东人民出版社@d1990.5
215    @a333页@d19厘米
606 0  @a爱国主义教育@x学习参考资料
690    @aD647
711 02 @a中共山东省委@b宣传部@b企业思想政治工作处@9zhong gong shan dong sheng wei xuan chuan bu qi ye si xiang zheng zhi gong zuo chu@4编
801  0 @aCN@bAiZhiMarc@c19901206
905    @aBZT@dD647@e16@f3@sD647/16
    
    基本国情与基本路线教育学习参考资料/中共山东省委宣传部企业思想政治工作处编写.-济南:山东人民出版社,1990.5
    333页;19厘米
    
    
    ISBN 978-7-209-00689-7:CNY3.60
    
●
相关链接 在五车中查询图书 在当当中查询图书 在豆瓣中查询图书


正题名:基本国情与基本路线教育学习参考资料     索取号:D647/16         预约/预借

序号 登录号 条形码 馆藏地/架位号 状态 备注
1 2000071820   2000071820   旧书回溯/ [索取号:D647/16] 在馆    
2 2000077724   2000077724   旧书回溯/ [索取号:D647/16] 在馆    
3 2000112003   2000112003   旧书回溯/ [索取号:D647/16] 在馆    
山东省滨州职业学院图书馆 欢迎您!
大连网信软件有限公司© 版权所有